000 01291nac a22003371i 4500
003 EG-ScBUE
005 20250227101258.0
008 160926t1999 nyua f 001 0 eng d
020 _a0071160132
020 _a9780071160131
040 _aEG-ScBUE
_beng
_erda
_cEG-ScBUE
_dEG-ScBUE
082 0 4 _a516.24
_bAYR
_222
100 1 _aAyres, Frank,
_d1901-1994‏,
_eauthor.
_928291
245 1 0 _aSchaum’s outline of theory and problems of trigonometry :
_bwith calculator based solutions /
_cFrank Ayres, Jr., Ph.D., Former Professor and Head, Department of Mathematics, Dickinson College, Robert E. Moyer, Ph.D., Professor of Mathematics, Fort Valley State University.
246 3 0 _aTheory and problems of trigonometry
246 3 0 _aTrigonometry
250 _aThird edition.
264 1 _aNew York :
_bMcGraw-Hill,
_c[1999]
264 4 _cc1999
300 _aviii, 215 pages :
_billustrations, tables ;
_c28 cm.
336 _2rdacontent
_atext
_btxt
337 _aunmediated
_2rdamedia
_bn
338 _avolume
_bnc
_2rdacarrier
490 0 _aSchaum's outline series
500 _aIncludes index.
500 _aIncludes appendix.
650 7 _aTrigonometry
_vOutlines, syllabi, etc.
_2BUEsh
655 _vReading book
700 1 _aMoyer, Robert E.,
_eauthor.
942 _cBB
_2ddc
999 _c120
_d120